[Event "Mezezers ZT 1.7"]
[Site "Mezezers"]
[Date "2000.06.09"]
[Round "4"]
[White "Kveinys, Aloyzas"]
[Black "Meijers, Viesturs"]
[Result "1-0"]
[WhiteElo "2496"]
[BlackElo "2483"]
[PlyCount "115"]
[EventDate "2000.04.??"]
[EventType "tourn"]
[EventRounds "13"]
[EventCountry "LAT"]
[EventCategory "9"]
[Source "Fruth,M"]
[SourceDate "2003.05.15"]

1. e4 e5 2. Bc4 d6 3. Nf3 Be7 4. O-O Nf6 5. Re1 O-O 6. c3 Bg4 7. h3 Bh5 8. d3
Nbd7 9. Nbd2 c6 10. Bb3 Re8 11. Nf1 Bf8 12. Ng3 Bg6 13. Nh4 d5 14. Bg5 Qb6 15.
Qf3 Bc5 16. Ngf5 a5 17. Rab1 Re6 18. Nxg6 hxg6 19. Ne3 Rd6 20. exd5 cxd5 21. d4
exd4 22. Nxd5 Nxd5 23. Bxd5 Nf6 24. Bc4 Rd7 25. b4 axb4 26. cxb4 Bf8 27. Qb3
Re8 28. Rxe8 Nxe8 29. Qa4 Qc6 30. Bb5 Qe4 31. Rd1 Rd5 32. Bd3 Qe5 33. Bd2 Nd6
34. Qb3 Qh5 35. a4 Re5 36. Bf4 Re6 37. Rc1 Qh4 38. Bg3 Qe7 39. Kh2 Re1 40. Rc2
Ra1 41. Re2 Qc7 42. Qd5 Qc6 43. Qxd4 Rxa4 44. Rc2 Qd7 45. Rd2 Qe6 46. Re2 Qd7
47. Bc2 Ra6 48. Bb3 b5 49. Rd2 Qe7 50. Qd5 Qe4 51. Qc5 Rc6 52. Qa7 Qxb4 53.
Rxd6 Bxd6 54. Qxf7+ Kh7 55. Qg8+ Kh6 56. Qh8+ Kg5 57. Qd8+ Kh6 58. f4 1-0

[Event "Victor Ciocaltea mem"]
[Site "Bukarest"]
[Date "2001.03.05"]
[Round "2"]
[White "Iordachescu, Viorel"]
[Black "Nisipeanu, Liviu Dieter"]
[Result "1/2-1/2"]
[WhiteElo "2578"]
[BlackElo "2596"]
[PlyCount "28"]
[EventDate "2001.03.04"]
[EventType "tourn"]
[EventRounds "11"]
[EventCountry "ROM"]
[EventCategory "12"]
[Source "Fruth,M"]
[SourceDate "2003.05.15"]

1. e4 e5 2. Nf3 d6 3. Bc4 Be7 4. O-O Nf6 5. d3 O-O 6. Re1 Nbd7 7. c3 a6 8. a4
b6 9. Nbd2 c6 10. d4 Qc7 11. Bd3 Re8 12. Nf1 Bf8 13. Ng3 g6 14. b3 Bb7 1/2-1/2

[Event "Liepaja rapid IT"]
[Site "Liepaja"]
[Date "2001.08.04"]
[Round "9"]
[White "Ehlvest, Jaan"]
[Black "Fridman, Daniel"]
[Result "1-0"]
[WhiteElo "2627"]
[BlackElo "2562"]
[PlyCount "40"]
[EventDate "2001.08.02"]
[EventType "tourn (rapid)"]
[EventRounds "11"]
[EventCountry "LAT"]
[EventCategory "14"]
[Source "Fruth,M"]
[SourceDate "2003.05.15"]

1. e4 e5 2. Nf3 d6 3. Bc4 Be7 4. d3 Nf6 5. O-O O-O 6. Bb3 Nc6 7. c3 Be6 8. Re1
Qd7 9. Ba4 a6 10. Nbd2 b5 11. Bc2 Bg4 12. Nf1 Rfe8 13. h3 Bh5 14. Ng3 Bg6 15.
d4 exd4 16. cxd4 Nh5 17. Nf1 d5 18. e5 Bxc2 19. Qxc2 g6 20. Bd2 Nd8 1-0

[Event "ROM-ch TT"]
[Site "ROM"]
[Date "2001.??.??"]
[Round "1"]
[White "Negulescu, Adrian"]
[Black "Vajda, Levente"]
[Result "1/2-1/2"]
[WhiteElo "2464"]
[BlackElo "2507"]
[PlyCount "31"]
[EventDate "2001.10.??"]
[EventType "team"]
[EventRounds "5"]
[EventCountry "ROM"]
[Source "Fruth,M"]
[SourceDate "2003.05.15"]

1. e4 e5 2. Nf3 d6 3. Bc4 Be7 4. O-O Nf6 5. d3 O-O 6. c3 c6 7. Bb3 Re8 8. Re1
Bf8 9. Nbd2 h6 10. h3 Nbd7 11. d4 Qc7 12. Nh4 d5 13. exd5 cxd5 14. dxe5 Nxe5
15. Ndf3 Nxf3+ 16. Nxf3 1/2-1/2

[Event "Borowski mem IT B"]
[Site "Essen"]
[Date "2002.05.25"]
[Round "9"]
[White "Tischbierek, Raj"]
[Black "Appel, Ralf"]
[Result "1/2-1/2"]
[WhiteElo "2540"]
[BlackElo "2512"]
[PlyCount "83"]
[EventDate "2002.05.17"]
[EventType "tourn"]
[EventRounds "9"]
[EventCountry "GER"]
[EventCategory "9"]
[Source "Fruth,M"]
[SourceDate "2003.05.15"]

1. e4 e5 2. Nf3 d6 3. Bc4 Be7 4. O-O Nf6 5. Nc3 O-O 6. d4 Nc6 7. h3 Nxe4 8.
Nxe4 d5 9. Bxd5 Qxd5 10. Nc3 Qd6 11. d5 Nb8 12. Nb5 Qd7 13. c4 f6 14. Be3 a5
15. Qd2 Rf7 16. Rfd1 Bf8 17. Rac1 b6 18. Ne1 Na6 19. d6 c5 20. f4 e4 21. Qf2 f5
22. Bd2 Bb7 23. Bc3 Bc6 24. Qe2 Re8 25. a3 Qe6 26. Rd2 Qh6 27. Qe3 Nb8 28. Rcd1
Re6 29. d7 Nxd7 30. Na7 Ne5 31. Bxe5 Rxa7 32. Nc2 a4 33. Rd8 Re8 34. Rxe8 Bxe8
35. Rd8 Qe6 36. Qd2 Rd7 37. Rxd7 Qxd7 38. Qxd7 Bxd7 39. Ne3 g6 40. Nd5 Kf7 41.
Nxb6 Bc6 42. Nd5 1/2-1/2

[Event "SWE-ch TT 200203"]
[Site "SWE"]
[Date "2003.03.16"]
[Round "11"]
[White "Sammalvuo, Tapani"]
[Black "Gdanski, Jacek"]
[Result "1-0"]
[WhiteElo "2460"]
[BlackElo "2506"]
[PlyCount "103"]
[EventDate "2002.10.11"]
[EventType "team"]
[EventRounds "11"]
[EventCountry "SWE"]
[Source "Fruth,M"]
[SourceDate "2003.05.15"]

1. e4 e5 2. Nf3 d6 3. Bc4 Nc6 4. c3 Bg4 5. d3 Qd7 6. h3 Bxf3 7. Qxf3 Na5 8. Bd5
Nf6 9. b4 Nc6 10. Bb3 a5 11. b5 Nd8 12. a4 Be7 13. Be3 O-O 14. Nd2 Qe8 15. O-O
Nd7 16. Qe2 Bf6 17. d4 Ne6 18. Qd3 Qe7 19. Bd5 Rab8 20. Nb3 b6 21. Bc6 Rbd8 22.
g3 Bg5 23. f4 exf4 24. gxf4 Bh6 25. f5 Ne5 26. dxe5 dxe5 27. Bd5 Bxe3+ 28. Qxe3
Nf4 29. Qf3 Rd6 30. Rf2 Rfd8 31. c4 Rh6 32. Rh2 Rdd6 33. Raa2 Rh4 34. c5 Rdh6
35. cxb6 cxb6 36. Rac2 g5 37. Rc8+ Kg7 38. Rc6 g4 39. Qg3 Nh5 40. Rxh6 Kxh6 41.
Qe3+ Nf4 42. Qxb6+ Kg5 43. Qc5 Qf6 44. Qe3 Kh6 45. b6 g3 46. Qxg3 Qxb6+ 47. Kh1
Rh5 48. Bxf7 Qb4 49. Bxh5 Qxe4+ 50. Bf3 Qb1+ 51. Qg1 Qxb3 52. Qd1 1-0

[Event "Cergy blitz"]
[Site "Cergy"]
[Date "2003.03.23"]
[Round "6"]
[White "Hamdouchi, Hichem"]
[Black "Belkhodja, Slim"]
[Result "1-0"]
[WhiteElo "2615"]
[BlackElo "2436"]
[PlyCount "65"]
[EventDate "2003.03.22"]
[EventType "swiss (blitz)"]
[EventRounds "10"]
[EventCountry "FRA"]
[Source "Fruth,M"]
[SourceDate "2003.05.15"]

1. e4 e5 2. Nf3 d6 3. Bc4 Be6 4. d3 Be7 5. O-O Bxc4 6. dxc4 Nf6 7. Re1 Nbd7 8.
b3 O-O 9. a4 a5 10. Nc3 c6 11. Ba3 Qc7 12. Qd3 Rfd8 13. Ne2 Nf8 14. Ng3 Ne6 15.
Qc3 Bf8 16. Rad1 d5 17. exd5 Bxa3 18. dxe6 Bb4 19. Qxe5 Bxe1 20. Qxc7 Rxd1 21.
Qxf7+ Kh8 22. Kf1 Bb4+ 23. Ke2 Rc1 24. Nf5 Ne8 25. e7 h6 26. N3d4 Re1+ 27. Kf3
Bc3 28. g4 Bxd4 29. Nxd4 Nc7 30. Qf8+ Kh7 31. Nf5 Ne8 32. Qf7 Kh8 33. h4 1-0

[Event "Biel IT"]
[Site "Biel"]
[Date "2003.07.25"]
[Round "5"]
[White "Lutz, Christopher"]
[Black "Bacrot, Etienne"]
[Result "0-1"]
[WhiteElo "2631"]
[BlackElo "2645"]
[PlyCount "44"]
[EventDate "2003.07.21"]
[EventType "tourn"]
[EventRounds "10"]
[EventCountry "SUI"]
[EventCategory "16"]
[Source "Fruth,M"]
[SourceDate "2003.05.15"]

1. e4 e5 2. Nf3 d6 3. Bc4 Be7 4. O-O Nf6 5. d3 O-O 6. Re1 Nc6 7. a4 Be6 8. a5
b6 9. Bxe6 fxe6 10. d4 exd4 11. Nxd4 Nxd4 12. Qxd4 d5 13. Qe5 Nxe4 14. Qxe6+
Kh8 15. Nc3 Bb4 16. axb6 Nxc3 17. b7 Rb8 18. bxc3 Bxc3 19. Ba3 Rf6 20. Qe3 Bxa1
21. Be7 Qe8 22. Rxa1 Rb6 0-1

[Event "CRO-ch TT"]
[Site "Rabac"]
[Date "2003.09.13"]
[Round "7"]
[White "Palac, Mladen"]
[Black "Pavasovic, Dusko"]
[Result "1/2-1/2"]
[WhiteElo "2561"]
[BlackElo "2596"]
[PlyCount "25"]
[EventDate "2003.09.07"]
[EventType "team"]
[EventRounds "9"]
[EventCountry "CRO"]
[Source "Fruth,M"]
[SourceDate "2003.05.15"]

1. e4 e5 2. Nf3 d6 3. Bc4 Be7 4. O-O Nf6 5. d3 O-O 6. Re1 Nc6 7. a4 Be6 8. Nbd2
Qd7 9. c3 Rfe8 10. b4 Bf8 11. Qc2 Nh5 12. b5 Ne7 13. Bxe6 1/2-1/2

[Event "Bundesliga 0506"]
[Site "Germany"]
[Date "2005.11.13"]
[Round "4.4"]
[White "Holzke, Frank"]
[Black "Seel, Christian"]
[Result "1-0"]
[WhiteElo "2479"]
[BlackElo "2492"]
[PlyCount "49"]
[EventDate "2005.10.21"]
[EventType "team"]
[EventRounds "15"]
[EventCountry "GER"]
[Source "ChessBase"]
[SourceDate "2006.01.31"]
[WhiteTeam "Wattenscheid"]
[BlackTeam "Godesberg"]
[WhiteTeamCountry "GER"]
[BlackTeamCountry "GER"]

1. e4 e5 2. Nf3 d6 3. Bc4 Be7 4. O-O Nf6 5. Re1 O-O 6. c3 c6 7. Bb3 d5 8. d3
dxe4 9. Nxe5 exd3 10. Qxd3 Nbd7 11. Nxd7 Bxd7 12. Bg5 Bg4 13. Qg3 Qd7 14. Nd2
Rae8 15. Rxe7 Rxe7 16. f3 Re2 17. Nf1 Nd5 18. fxg4 h6 19. Qf3 Rfe8 20. Bd2 Nf6
21. g5 hxg5 22. Bxg5 Nh7 23. Rd1 Nxg5 24. Qxe2 Nh3+ 25. gxh3 1-0

[Event "San Sebastian op 19th"]
[Site "San Sebastian"]
[Date "2006.04.11"]
[Round "5.1"]
[White "Neelotpal, Das"]
[Black "Conquest, Stuart"]
[Result "1/2-1/2"]
[WhiteElo "2512"]
[BlackElo "2531"]
[PlyCount "63"]
[EventDate "2006.04.08"]
[EventType "swiss"]
[EventRounds "9"]
[EventCountry "ESP"]
[Source "ChessBase"]
[SourceDate "2006.05.09"]

1. e4 e5 2. Nf3 d6 3. Bc4 Be6 4. d3 Nf6 5. a3 Nbd7 6. Bxe6 fxe6 7. O-O Qe7 8.
c4 g6 9. Nc3 Bg7 10. Nb5 Nc5 11. b4 Na6 12. Rb1 O-O 13. Be3 Ng4 14. Bg5 Qd7 15.
h3 Nf6 16. Be3 b6 17. Qa4 Nb8 18. c5 a6 19. Nc3 Qxa4 20. Nxa4 b5 21. Nc3 Nc6
22. cxd6 cxd6 23. Rfc1 Rfc8 24. a4 Rab8 25. axb5 axb5 26. Ng5 Nd4 27. Kf1 h6
28. Nf3 Nd7 29. Ne2 Nxf3 30. gxf3 Kf7 31. Nc3 Nf6 32. Ra1 1/2-1/2

[Event "Lodi op"]
[Site "Lodi"]
[Date "2006.06.10"]
[Round "8"]
[White "Tissir, Mohamed"]
[Black "Vajda, Levente"]
[Result "0-1"]
[WhiteElo "2439"]
[BlackElo "2511"]
[PlyCount "64"]
[EventDate "2006.06.05"]
[EventType "swiss"]
[EventRounds "9"]
[EventCountry "ITA"]
[Source "ChessBase"]
[SourceDate "2006.07.14"]

1. e4 e5 2. Nf3 d6 3. Bc4 Be7 4. d3 Nf6 5. O-O O-O 6. a4 Nc6 7. Re1 Kh8 8. h3
Be6 9. Nbd2 Qd7 10. a5 a6 11. c3 Ng8 12. d4 exd4 13. cxd4 d5 14. exd5 Bxd5 15.
Bxd5 Qxd5 16. Ne4 Rad8 17. Nc3 Qf5 18. d5 Nb4 19. Nd4 Qg6 20. Qb3 c5 21. Nf3
Nc2 22. Be3 Nxa1 23. Rxa1 Bd6 24. Ra4 Nf6 25. Qxb7 Nxd5 26. Rg4 Qe6 27. Bd2 Rd7
28. Qb3 Nf6 29. Rc4 Rb8 30. Qa2 Rxb2 31. Qxb2 Qxc4 32. Bg5 Nd5 0-1

[Event "World Blitz"]
[Site "Moscow RUS"]
[Date "2007.11.21"]
[Round "6"]
[White "Ivanchuk, V."]
[Black "Bacrot, E."]
[Result "0-1"]
[WhiteElo "2787"]
[BlackElo "2695"]
[PlyCount "70"]
[EventDate "2007.11.21"]
[SourceDate "1999.07.01"]

1. e4 e5 2. Nf3 d6 3. Bc4 Be7 4. O-O Nf6 5. Re1 O-O 6. c3 Nc6 7. h3 Nxe4 8.
Rxe4 d5 9. Re1 dxc4 10. b3 cxb3 11. axb3 Bf6 12. Qc2 g6 13. d3 Bf5 14. Re3 Bg7
15. Nbd2 Bh6 16. Ne4 Bxe3 17. Bxe3 Bxe4 18. dxe4 a5 19. Nh2 Qd6 20. Qe2 Qe6 21.
Rb1 f5 22. exf5 gxf5 23. Nf3 f4 24. Bd2 Qf5 25. Re1 Rae8 26. Qc4+ Kh8 27. Re4
Rg8 28. Kh2 Qg6 29. Nh4 Qg5 30. Rxf4 exf4 31. Bxf4 Qf6 32. Nf3 Ref8 33. Bg3
Rxg3 34. fxg3 Ne5 35. Nxe5 Qxe5 0-1

[Event "1st WMSG Rapid Ind"]
[Site "Beijing CHN"]
[Date "2008.10.05"]
[Round "1"]
[White "Friedel, J."]
[Black "Ghaem Maghami, E."]
[Result "1/2-1/2"]
[WhiteElo "2498"]
[BlackElo "2599"]
[PlyCount "48"]
[EventDate "2008.10.05"]
[SourceDate "1999.07.01"]

1. e4 e5 2. Nf3 d6 3. Bc4 Be7 4. d4 exd4 5. Nxd4 Nf6 6. Nc3 O-O 7. O-O c6 8.
Re1 b5 9. Bb3 b4 10. Nb1 Bg4 11. f3 Bd7 12. a3 c5 13. Ne2 Nc6 14. axb4 Nxb4 15.
Nbc3 Qc8 16. Bf4 c4 17. Bxd6 Bxd6 18. Qxd6 a5 19. Ba4 Bxa4 20. Rxa4 Nxc2 21.
Rd1 Nb4 22. Ng3 Nd3 23. Nf5 Qb7 24. Rxc4 Qa7+ 1/2-1/2

[Event "II ROMGAZ Open"]
[Site "Bucharest ROU"]
[Date "2008.09.16"]
[Round "6"]
[White "Fedorov, Alex"]
[Black "Gelashvili, T."]
[Result "1/2-1/2"]
[WhiteElo "2560"]
[BlackElo "2612"]
[PlyCount "80"]
[EventDate "2008.09.11"]
[SourceDate "1999.07.01"]

1. e4 e5 2. Nf3 d6 3. Bc4 Be7 4. O-O Nf6 5. d3 c6 6. Re1 Nbd7 7. c3 b5 8. Bb3
a6 9. d4 O-O 10. Nbd2 c5 11. d5 g6 12. a4 Rb8 13. Bc2 Nh5 14. b4 c4 15. Nf1 Nb6
16. Bh6 Re8 17. Ng3 Nxg3 18. hxg3 Bd7 19. a5 Nc8 20. Qd2 Bf8 21. Nh2 Bxh6 22.
Qxh6 Qf6 23. g4 Qf4 24. Qxf4 exf4 25. g5 Kg7 26. Bd1 f6 27. gxf6+ Kxf6 28. Bg4
Rb7 29. Re2 Bxg4 30. Nxg4+ Kg7 31. Rae1 Ne7 32. e5 Nf5 33. exd6 Rxe2 34. Rxe2
Rd7 35. Re6 Rxd6 36. Rxd6 Nxd6 37. f3 Nf7 38. Nf2 Ng5 39. Ne4 Nxe4 40. fxe4 g5
1/2-1/2

[Event "17th Open"]
[Site "Kavala GRE"]
[Date "2008.08.05"]
[Round "7"]
[White "Petrov, Marij"]
[Black "Gelashvili, T."]
[Result "0-1"]
[WhiteElo "2490"]
[BlackElo "2612"]
[PlyCount "138"]
[EventDate "2008.07.31"]
[SourceDate "1999.07.01"]

1. e4 e5 2. Nf3 d6 3. Bc4 Be7 4. O-O Nf6 5. d3 c6 6. Bb3 Nbd7 7. c3 Nc5 8. Bc2
Bg4 9. Nbd2 Ne6 10. Nc4 Bh5 11. Ne3 g6 12. Re1 Ng5 13. Nf1 Bxf3 14. gxf3 Nh3+
15. Kg2 Qd7 16. Ng3 Nh5 17. d4 N5f4+ 18. Bxf4 Nxf4+ 19. Kh1 Qh3 20. Rg1 O-O-O
21. Qf1 exd4 22. cxd4 d5 23. Rd1 Bf6 24. e5 Qxf1 25. Nxf1 Be7 26. Rg4 Ne6 27.
Ne3 Rdf8 28. f4 f5 29. exf6 Rxf6 30. f5 gxf5 31. Bxf5 Kd8 32. Rdg1 Rhf8 33.
Bxe6 Rxe6 34. R1g2 h6 35. Kg1 Bg5 36. R2g3 Bf4 37. Rg8 Rxg8 38. Rxg8+ Kc7 39.
Nf5 Re2 40. Rg4 Bxh2+ 41. Kg2 Rxb2 42. Nxh6 Bd6 43. Rg7+ Kb6 44. Nf7 Bc7 45.
Ng5 Re2 46. Kf3 Re1 47. Rd7 a5 48. a4 Re8 49. Kg4 Bd8 50. f4 Bf6 51. Kf5 Bxd4
52. Ne6 Be3 53. Nd8 Rf8+ 54. Kg6 Rxd8 55. Rxd8 Bxf4 56. Kf5 Bd2 57. Rd7 Bb4 58.
Ke5 Kc5 59. Rxb7 Kc4 60. Rd7 Bc3+ 61. Kd6 c5 62. Rh7 d4 63. Rh4 Bb4 64. Ke5 Kc3
65. Ke4 d3 66. Rh3 c4 67. Kd5 Kc2 68. Kxc4 d2 69. Rh2 Kc1 0-1

[Event "2nd Science Park Open A"]
[Site "Amsterdam NED"]
[Date "2012.07.20"]
[Round "7.3"]
[White "Sergeev, Vl"]
[Black "Haslinger, S."]
[Result "1-0"]
[WhiteElo "2479"]
[BlackElo "2536"]
[PlyCount "81"]
[EventDate "2012.07.14"]
[SourceDate "1999.07.01"]

1. e4 e5 2. Nf3 d6 3. Bc4 Be7 4. d4 exd4 5. Nxd4 Nf6 6. Nc3 O-O 7. O-O Re8 8.
Re1 Bf8 9. Bg5 Nbd7 10. Bf1 h6 11. Bh4 c6 12. Kh1 Ne5 13. f3 Bd7 14. a4 Ng6 15.
Bg3 Nh5 16. Bf2 Qa5 17. Qd2 Nf6 18. Rad1 Qc7 19. Nb3 Be6 20. Nd4 Bd7 21. Nb3
Be6 22. Bd4 Nd7 23. f4 Bxb3 24. cxb3 Qa5 25. Qf2 a6 26. g3 b5 27. Bh3 Rad8 28.
Qc2 b4 29. Nb1 c5 30. Bf2 Nb6 31. Bf1 d5 32. exd5 Rxe1 33. Bxe1 Rxd5 34. Rxd5
Nxd5 35. Qd3 Nc7 36. Nd2 Qb6 37. Bf2 Qf6 38. Qc2 Ne5 39. Ne4 Qf5 40. fxe5 Ne6
41. Nf6+ 1-0